TAKEOVER : (Record no. 22148)
[ view plain ]
| 000 -LEADER | |
|---|---|
| fixed length control field | 00892nam a22003017a 4500 |
| 003 - CONTROL NUMBER IDENTIFIER | |
| control field | IBSLLIB |
| 005 - DATE AND TIME OF LATEST TRANSACTION | |
| control field | 20260515084503.0 |
| 008 - FIXED-LENGTH DATA ELEMENTS--GENERAL INFORMATION | |
| fixed length control field | 260515b |||||||| |||| 00| 0 eng d |
| 022 ## - INTERNATIONAL STANDARD SERIAL NUMBER | |
| International Standard Serial Number | 0877957843 |
| 040 ## - CATALOGING SOURCE | |
| Original cataloging agency | IBSLLIB |
| Language of cataloging | English |
| 041 ## - LANGUAGE CODE | |
| Language code of original | Eng |
| 082 ## - DEWEY DECIMAL CLASSIFICATION NUMBER | |
| Classification number | 658 |
| Item number | JOH |
| 100 ## - MAIN ENTRY--PERSONAL NAME | |
| Personal name | Johnston , Moira |
| 245 ## - TITLE STATEMENT | |
| Title | TAKEOVER : |
| Remainder of title | The New Wall Street Warriors : The Men, The Money, The Impact |
| 260 ## - PUBLICATION, DISTRIBUTION, ETC. (IMPRINT) | |
| Place of publication, distribution, etc. | New York : |
| Name of publisher, distributor, etc. | A Belevedere Book , |
| Date of publication, distribution, etc. | 1986 |
| 300 ## - PHYSICAL DESCRIPTION | |
| Extent | 395 p ; |
| Dimensions | 24 cm |
| 505 ## - FORMATTED CONTENTS NOTE | |
| Formatted contents note | Grown Zellerbach Corporation |
| 505 ## - FORMATTED CONTENTS NOTE | |
| Formatted contents note | Bidder and Dissident Shareholder |
| 505 ## - FORMATTED CONTENTS NOTE | |
| Formatted contents note | Trans World Airlines |
| 505 ## - FORMATTED CONTENTS NOTE | |
| Formatted contents note | Unocal corporation |
| 505 ## - FORMATTED CONTENTS NOTE | |
| Formatted contents note | Getty Oil |
| 505 ## - FORMATTED CONTENTS NOTE | |
| Formatted contents note | The Outside Players |
| 650 ## - SUBJECT ADDED ENTRY--TOPICAL TERM | |
| Topical term or geographic name as entry element | Technology |
| 650 ## - SUBJECT ADDED ENTRY--TOPICAL TERM | |
| Topical term or geographic name as entry element | Management and auxiliary services |
| 653 ## - INDEX TERM--UNCONTROLLED | |
| Uncontrolled term | Consolidation and merger of corporation |
| 653 ## - INDEX TERM--UNCONTROLLED | |
| Uncontrolled term | Tender offers |
| 942 ## - ADDED ENTRY ELEMENTS (KOHA) | |
| Koha item type | Lending Book |
| Withdrawn status | Lost status | Damaged status | Not for loan | Collection code | Permanent Location | Current Location | Shelving location | Date acquired | Source of acquisition | Inventory number | Full call number | Barcode | Koha item type |
|---|---|---|---|---|---|---|---|---|---|---|---|---|---|
| Lending Collection | IBSL Library | IBSL Library | Lending Section | 30/04/2026 | Donation | 10907 | 658 JOH | 10907 | Lending Book |
